Las intermitencias de la muerte (Registro nro. 22971)
[ vista simple ]
| 000 -CABECERA | |
|---|---|
| Longitud fija campo de control | 00696nam a2200229 a 4500 |
| 001 - NÚMERO DE CONTROL | |
| Número de control | ES-MaREB00776487-6 |
| 003 - IDENTIFICADOR DELl NÚMERO DE CONTROL | |
| Identificador del número de control | OSt |
| 005 - FECHA Y HORA DE LA ÚLTIMA TRANSACCIÓN | |
| Fecha y hora de la última transacción | 20151015145935.0 |
| 008 - CÓDIGOS DE INFORMACIÓN DE LONGITUD FIJA | |
| Códigos de información de longitud fija | 060710s2006 esp ||| ||spa d |
| 020 ## - NÚMERO INTERNACIONAL NORMALIZADO PARA LIBROS | |
| Número Internacional Normalizado para Libros (ISBN) | 84-663-1895-X |
| 040 ## - FUENTE DE LA CATALOGACIÓN | |
| Centro transcriptor | BMC |
| 082 ## - NÚMERO DE LA CLASIFICACIÓN DECIMAL DEWEY | |
| Númeroo de clasificación | 869.8991 |
| 100 1# - PUNTO DE ACCESO PRINCIPAL-NOMBRE DE PERSONA | |
| Nombre de persona | Saramago, José |
| Fechas asociadas al nombre | 1922-2010 |
| 9 (RLIN) | 29690 |
| 245 14 - MENCIÓN DE TÍTULO | |
| Título | Las intermitencias de la muerte |
| Mención de responsabilidad, etc. | José Saramago; traducción, Pilar del Río |
| 260 ## - PUBLICACIÓN, DISTRIBUCIÓN, ETC. (PIE DE IMPRENTA) | |
| Lugar de publicación, distribución, etc. | Barcelona |
| Nombre del editor, distribuidor, etc. | Círculo de Lectores |
| Fecha de publicación, distribución, etc. | 2006 |
| 300 ## - DESCRIPCIÓN FÍSICA | |
| Extensión | 258 p. |
| Dimensiones | 19 cm |
| 490 ## - MENCIÓN DE SERIE | |
| Mención de serie | Narrativa |
| Designación de volumen o secuencia | 3/8 |
| 546 ## - NOTA DE LENGUA | |
| Nota de lengua | Traducción de: As intermitencias da morte |
| 650 24 - PUNTO DE ACCESO ADICIONAL DE MATERIA - TÉRMINO DE MATERIA | |
| 9 (RLIN) | 29444 |
| Término de materia o nombre geográfico como elemento inicial | Novela portuguesa |
| 700 1# - PUNTO DE ACCESO ADICIONAL - NOMBRE DE PERSONA | |
| 9 (RLIN) | 29691 |
| Nombre de persona | Río, Pilar del |
| 942 ## - ENTRADA DE ELEMENTOS AGREGADOS (KOHA) | |
| Fuente de clasificaión o esquema | Dewey Decimal Classification |
| Koha [por defecto] tipo de item | 1- Monografias |
| Parte de clasificación | prozim |
| Suprimido | Perdido | Fuente de clasificación o esquema | Estropeado | Restricciones de uso | No para préstamo | Código de colección | Localización permanente | Localización actual | Localización en estanter&íacute;as | Fecha adquisición | Fuente de adquisición | Número de inventario | Préstamos totales | Renovaciones totales | Signatura completa | Código de barras | Fecha última consulta | Fecha último préstamo | Coste, precio reemplazado | Fecha del precio de reemplazo | Tipo de item de Koha |
|---|---|---|---|---|---|---|---|---|---|---|---|---|---|---|---|---|---|---|---|---|---|
| NULL | NULL | Dewey Decimal Classification | NULL | Prestable | NULL | NULL | Biblioteca Miguel de Cervantes - UNICAES | Biblioteca Miguel de Cervantes - UNICAES | Sala Principal | 16/10/2015 | Donación - ADESH | 030566 | 2 | 1 | N SAR int | 1034531 | 25/03/2022 | 21/03/2022 | 9.74 | 16/10/2015 | 1- Monografias |